000 00922pab a2200169 454500
008 180718b2006 xxu||||| |||| 00| 0 eng d
100 _aPillania, Rajesh K.
245 _aKnowledge management for high performance
260 _c2006
300 _ap.516-23.
362 _aJan-Mar
520 _aThis paper is an attempt to study the role of knowledge management in high performance. The study covers macro and micro aspects in both private and public sectors of the Indian industry, by a comprehensive coverage of international experts, domestic experts and employees in selected high performance organizations. The result show that Knowledge management is in the introduction stage in India. Indian public sector in particular needs to reorient itself to the changing times and embrace Knowledge management. - Reproduced.
650 _aKnowledge management
773 _aProductivity
908 _aN
909 _a72694
999 _c72694
_d72694